<?xml version="1.0" encoding="UTF-8"?><?xml-stylesheet type="text/xsl" href="static/style.xsl"?><OAI-PMH xmlns="http://www.openarchives.org/OAI/2.0/" xmlns:xsi="http://www.w3.org/2001/XMLSchema-instance" xsi:schemaLocation="http://www.openarchives.org/OAI/2.0/ http://www.openarchives.org/OAI/2.0/OAI-PMH.xsd"><responseDate>2026-06-05T16:15:53Z</responseDate><request verb="GetRecord" identifier="oai:riuma.uma.es:10630/30518" metadataPrefix="marc">https://riuma.uma.es/rest/oai/request</request><GetRecord><record><header><identifier>oai:riuma.uma.es:10630/30518</identifier><datestamp>2026-02-03T11:19:28Z</datestamp><setSpec>com_10630_2254</setSpec><setSpec>col_10630_37953</setSpec></header><metadata><record xmlns="http://www.loc.gov/MARC21/slim" xmlns:dcterms="http://purl.org/dc/terms/" xmlns:doc="http://www.lyncode.com/xoai" xmlns:xsi="http://www.w3.org/2001/XMLSchema-instance" xsi:schemaLocation="http://www.loc.gov/MARC21/slim http://www.loc.gov/standards/marcxml/schema/MARC21slim.xsd">
   <leader>00925njm 22002777a 4500</leader>
   <datafield ind2=" " ind1=" " tag="042">
      <subfield code="a">dc</subfield>
   </datafield>
   <datafield ind2=" " ind1=" " tag="720">
      <subfield code="a">Neger, Christoph</subfield>
      <subfield code="e">author</subfield>
   </datafield>
   <datafield ind2=" " ind1=" " tag="720">
      <subfield code="a">Crespo Guerrero, José Manuel</subfield>
      <subfield code="e">author</subfield>
   </datafield>
   <datafield ind2=" " ind1=" " tag="260">
      <subfield code="c">2021-12-14</subfield>
   </datafield>
   <datafield ind2=" " ind1=" " tag="520">
      <subfield code="a">A nivel global, México es de los países con mayor biodiversidad, pero también de los que soporta una destacada explotación de sus recursos naturales. La declaración de áreas naturales protegidas se ha convertido en una de las principales estrategias mexicanas para conservar la naturaleza. El artículo analiza los desafíos de esta herramienta de gestión territorial partiendo de la capacidad de gestión. Para alcanzar este fin, se realiza la oportuna revisión bibliográfica y el análisis de cuestionarios semiestructurados aplicados a actores clave de dos casos de estudio: las reservas de la biosfera Los Tuxtlas y Los Petenes. Los resultados demuestran que, si bien los espacios protegidas han contribuido a disminuir la destrucción del patrimonio natural, éste aún sigue sufriendo graves afectaciones a causa de los insuficientes recursos destinados a las políticas ambientales, lo que debilita la capacidad de gestión y, consiguientemente, dificulta alcanzar los objetivos de conservación.</subfield>
   </datafield>
   <datafield ind1="8" ind2=" " tag="024">
      <subfield code="a">Neger, C. y Crespo Guerrero, J. M. (2021). Problemática de la gestión de las Áreas Naturales Protegidas de México: un análisis en las Reservas de la Biosfera de los Tuxtlas y los Petenes. Anales de Geografía de la Universidad Complutense, 41(2), 463-481</subfield>
   </datafield>
   <datafield ind1="8" ind2=" " tag="024">
      <subfield code="a">0211-9803</subfield>
   </datafield>
   <datafield ind1="8" ind2=" " tag="024">
      <subfield code="a">https://hdl.handle.net/10630/30518</subfield>
   </datafield>
   <datafield ind1="8" ind2=" " tag="024">
      <subfield code="a">10.5209/aguc.79345</subfield>
   </datafield>
   <datafield tag="653" ind2=" " ind1=" ">
      <subfield code="a">Ordenación del territorio - México</subfield>
   </datafield>
   <datafield tag="653" ind2=" " ind1=" ">
      <subfield code="a">Espacios naturales protegidos - Gestión - México</subfield>
   </datafield>
   <datafield ind2="0" ind1="0" tag="245">
      <subfield code="a">Problemática de la gestión de las Áreas Naturales Protegidas de México: un análisis en las Reservas de la Biosfera de Los Tuxtlas y Los Petenes.</subfield>
   </datafield>
</record>
</metadata></record></GetRecord></OAI-PMH>